| 000 | 00000nam##2200000za#4500 |
| 001 | 9.574629 |
| 003 | CaOODSP |
| 005 | 20210624184258 |
| 007 | cr ||||||||||| |
| 008 | 150406|2009||||xxc|||||o f|0| 0 eng|d |
| 040 | |aCaOODSP|beng |
| 043 | |an-cn--- |
| 086 | 1 |aTU3-7/09-0074E-PDF |
| 110 | 2 |aTransportation Safety Board of Canada. |
| 245 | 10|aCapsizing with loss of life - small fishing vessel Le Marsouin I off Rivière-au-Renard, Quebec 18 May 2009 |h[electronic resource] |
| 260 | |aOttawa - Ontario : |bTransportation Safety Board of Canada |c[2010]. |
| 300 | |a28p.|bfigs., graphs, references, tables, photographs |
| 490 | 1 |aMarine investigation report |vM09L0074 |
| 590 | |a12-32-Supp|b2012-07-11 |
| 775 | 08|tChavirement avec pertes de vie du petit bateau de pêche Le Marsouin I au large de Rivière-au-Renard (Québec) le 18 mai 2009 |w(CaOODSP)9.604364 |
| 830 | #0|aMarine investigation report ;|vM09L0074|w(CaOODSP)9.504867 |
| 856 | 40|ahttp://publications.gc.ca|qPDF|s818 KB|uhttps://publications.gc.ca/collections/collection_2012/bst-tsb/TU3-7-09-0074-eng.pdf|yM09L0074 |